Capitals Beginning with the Letters of JETPUNK - Statistics

General Stats
  • This quiz has been taken 1,266 times
  • The average score is 33 of 53
Answer Stats
Capital % Correct
Ulaanbaatar
87%
Jakarta
86%
Jerusalem
78%
Paris
77%
Tallinn
72%
Juba
71%
Port-au-Prince
71%
Nairobi
69%
Tashkent
69%
Panama City
68%
Tokyo
68%
Tunis
68%
Port Moresby
67%
Port-of-Spain
67%
Prague
66%
Tehran
66%
Pristina
65%
Taipei
65%
Kathmandu
64%
Kinshasa
63%
Niamey
63%
Port Louis
63%
Pyongyang
63%
Kampala
62%
Kiev
62%
Kuwait City
61%
Paramaribo
61%
Porto-Novo
61%
Pretoria
61%
Tripoli
61%
Kigali
60%
Podgorica
60%
Port Vila
60%
Tirana
60%
Phnom Penh
59%
Khartoum
58%
Tbilisi
58%
Tegucigalpa
58%
Kabul
56%
Kingston
56%
Kingstown
56%
Kuala Lumpur
56%
New Delhi
55%
Praia
55%
Palikir
52%
Thimphu
51%
Nicosia
50%
Nouakchott
49%
Nassau
48%
N'Djamena
48%
Naypyidaw
46%
Nuku'alofa
46%
Ngerulmud
41%
No matching quizzes found
Score Distribution
Percent of People with Each Score
Percentile by Number Answered
Your Score History
You have not taken this quiz